[Event "ARG-ch 72nd"]
[Site "Pinamar"]
[Date "2002.03.14"]
[Round "5"]
[White "Giaccio, Alfredo Gustavo"]
[Black "Zarnicki, Pablo Adrian"]
[Result "1/2-1/2"]
[WhiteElo "2517"]
[BlackElo "2493"]
[Annotator "Huzman,A"]
[PlyCount "99"]
[EventDate "2002.03.11"]
[EventType "tourn"]
[EventRounds "13"]
[EventCountry "ARG"]
[EventCategory "9"]
[SourceTitle "CBM 088"]
[Source "ChessBase"]
[SourceDate "2002.03.21"]
[SourceVersion "1"]
[SourceVersionDate "2002.03.21"]
[SourceQuality "1"]

1. e4 e5 2. Nf3 Nf6 3. Nxe5 d6 4. Nf3 Nxe4 5. d4 d5 6. Bd3 Nc6 7. O-O Be7 8. c4
Nf6 9. h3 O-O 10. Nc3 Nb4 11. Be2 dxc4 12. Bxc4 Nbd5 13. Re1 c6 14. Bg5 Be6 15.
Qb3 Qb6 16. Qxb6 axb6 17. Nxd5 cxd5 18. Bb3 (18. Bd3 h6 19. Bf4 Rfc8 20. Nd2
Ne8 21. Nf1 Nd6 22. Ne3 Bf8 23. Be5 Ra5 24. Bxd6 Bxd6 25. Bf5 {1/2-1/2
Grischuk,A-Gelfand,B/Biel SUI 2001/(25)}) 18... Rfc8 19. Re2 h6 (19... Kf8 20.
Ne5 Ne4 21. Nd7+ $1 Bxd7 22. Bxe7+ Kxe7 23. Bxd5 $16 {1-0 Svidler,P-Jussupow,A/
Yerevan 2001/CBM 86 no vc (44)}) 20. Bf4 (20. Bh4 g5 21. Bg3 Ne4 22. Bh2 Bf6
$14) 20... Ne4 21. Ne5 Bg5 22. Nd3 (22. Bxg5 $5 hxg5 (22... Nxg5 23. Nd3 Kf8
24. Nb4 Ra5 25. Rae1 Nh7 26. f4 $36) 23. Rae1 Rc7 24. Nd3 Kf8 25. Nb4 Nf6 26.
Re5 $16) 22... Bf6 23. Nb4 (23. Be5 $5) 23... Ra5 24. Rd1 g5 25. Be5 Bg7 26. f3
(26. Nxd5 Bxd5 27. Bxd5 Rxd5 28. Rxe4 Rc2 $11) 26... Nf6 27. g4 Nd7 28. Bxg7
Kxg7 29. Nd3 (29. Kf2 Nb8 30. f4 Nc6 (30... gxf4 31. Nd3 $16) 31. Nxc6 bxc6 32.
f5 Bd7 33. Re7 Rc7 34. Rde1 Rca7 $14) 29... Nb8 30. f4 Nc6 31. f5 Nxd4 32. Re3
Nxb3 (32... Bd7 33. Ne5 Nxb3 34. f6+ Kh7 35. Nxd7 Rc1 36. Rxc1 Nxc1 37. Re7 Kg6
38. Re8 d4 39. Rg8+ Kh7 40. Rg7+ Kh8 41. Rxf7 d3 42. Rf8+ Kh7 43. Rd8 Kg6 $11)
33. fxe6 Rxa2 34. e7 Re8 35. Nb4 Rxb2 36. Nxd5 Nd2 $1 37. Rxd2 $1 (37. Nc7 Rxe7
38. Rxe7 Nf3+ 39. Kf1 Nh2+ $11) 37... Rxd2 38. Nc7 Rxe7 39. Rxe7 Kg6 40. Ne8 (
40. Nb5 Rd5 41. Nc3 Rd3 $11) 40... h5 41. Rxb7 hxg4 42. hxg4 (42. Rxb6+ $1 Kh7
(42... Kf5 43. Rf6+ Ke5 (43... Ke4 44. hxg4 Rd7 (44... Rd1+ 45. Kf2 Rd2+ 46.
Kf1 Rd1+ 47. Ke2 Rg1 48. Rxf7) 45. Rf5 $16) 44. hxg4 Rd4 45. Rf5+ Ke6 46. Rxg5
$16) (42... Kh5 43. Ng7+ Kh4 44. Nf5+ Kh5 45. Rh6#) 43. hxg4 Ra2 44. Nf6+ Kg7
45. Nh5+ Kh7 46. Rb4 Kg6 47. Ng3 $16) 42... Rb2 43. Rd7 Rb1+ 44. Kf2 Rb2+ 45.
Ke3 Rb3+ 46. Kd2 Rb2+ 47. Kc3 Rf2 $1 $11 48. Rd6+ f6 49. Rxb6 Rf3+ 50. Kd2
1/2-1/2

[Event "EU-Cup 18th"]
[Site "Kallithea"]
[Date "2002.09.27"]
[Round "6.5"]
[White "Baklan, Vladimir"]
[Black "Fressinet, Laurent"]
[Result "1/2-1/2"]
[WhiteElo "2614"]
[BlackElo "2619"]
[Annotator "Huzman,A"]
[PlyCount "89"]
[EventDate "2002.09.22"]
[EventType "team-swiss"]
[EventRounds "7"]
[EventCountry "GRE"]
[SourceTitle "CBM 092"]
[Source "ChessBase"]
[SourceDate "2003.02.06"]
[SourceVersion "1"]
[SourceVersionDate "2003.02.06"]
[SourceQuality "1"]
[WhiteTeam "Kazan Ladya"]
[BlackTeam "Paris NAO"]
[WhiteTeamCountry "RUS"]
[BlackTeamCountry "FRA"]

1. e4 e5 2. Nf3 Nf6 3. Nxe5 d6 4. Nf3 Nxe4 5. d4 d5 6. Bd3 Bd6 7. O-O O-O 8. c4
c6 9. Qc2 Na6 10. a3 f5 11. c5 Bb8 12. Bxa6 (12. Nc3 Nc7 13. Ne2 (13. Bf4 $5 {
Huzman} Ne6 14. Bxb8 Rxb8 15. Ne2 Qf6 16. b4 a6 17. Qb2 f4 18. Ne5 N4g5 19. f3
Nf7 20. Kh1 Re8 21. Rfe1 Nf8 22. Nxf7 Kxf7 23. Rad1 g5 24. Qc2 Kg7 $11 {
1/2-1/2 Ni Hua-Vakhidov,T/Bled SLO 2002/(79)}) 13... Ne6 14. b4 Qf6 15. Bb2 Bd7
16. Rae1 Be8 17. Qc1 Bh5 18. Ne5 Bxe2 19. Bxe2 Nxd4 20. Nd7 Qh4 21. Nxb8 Nxe2+
22. Rxe2 Raxb8 23. f3 Nf6 24. Rfe1 $44 {1-0 Morozevich,A-Piket,J/Wijk aan Zee
2002/CBM 87/[Huzman] (42)}) 12... bxa6 13. Ne5 $5 Bxe5 14. dxe5 Qe7 15. b4 Qxe5
16. Bb2 {An interesting pawn sacrifice. The opposite-coloured Bs should favour
White in the middlegame.} Qe8 (16... Qf4 17. f3 Nf6 18. Re1 a5 19. Be5 Qh4 20.
Nd2 axb4 21. Qa4 $44) 17. Nd2 (17. Re1 Qg6 18. f3 Ng5 19. Re7 Ne6 20. Be5 (20.
Nd2 Qg5 $19) 20... Qg5 21. Bd6 Qe3+ 22. Kf1 a5 $17) 17... f4 $132 {[%cal Yf4f3]
} (17... a5 18. Rfe1 Qg6 19. Nf3 $44) 18. f3 (18. Rfe1 f3 19. Re3 Bh3 $1 20.
Nxf3 Bxg2 $1 21. Nh4 Qh5 (21... Bf3 $5 22. Bxg7 Rf4 (22... Kxg7 23. Qb2+ Kg8
24. Nxf3 Qh5 25. Kh1 $132) 23. Nxf3 Qg6+ 24. Kh1 Ng3+ 25. fxg3 Qxc2 26. gxf4
Kxg7 27. Rg1+ $40) 22. Nxg2 Rxf2 23. Qxf2 (23. Qb3 Qg4 $19) 23... Nxf2 24. Kxf2
Qxh2 25. Rf3 Re8 26. Rd1 $13) 18... Nxd2 19. Qxd2 Qe3+ 20. Qxe3 fxe3 $11 {
Yet, the very same factor (the opposite-coloured Bs) saves the day for Black
in the endgame.} 21. Rfe1 Re8 22. Bd4 a5 $1 23. Bxe3 Bf5 24. Bd4 Kf7 25. Bc3
Rxe1+ 26. Rxe1 axb4 27. axb4 Bd3 $1 28. Kf2 g6 29. Ke3 Bc4 30. Kd4 Re8 31. Rxe8
Kxe8 32. Ke5 Kf7 33. Kd6 Bb5 34. h4 Ba4 35. Bd4 Bb5 36. g4 a6 37. f4 Ba4 38.
Ke5 Bb5 39. f5 gxf5 40. Kxf5 Be2 41. h5 Bb5 42. Ke5 Ba4 43. Kd6 Bb5 44. Kc7 Ba4
45. Kd6 1/2-1/2

[Event "RUS-ch Superfinal"]
[Site "Moscow"]
[Date "2005.12.20"]
[Round "2"]
[White "Svidler, Peter"]
[Black "Motylev, Alexander"]
[Result "1/2-1/2"]
[WhiteElo "2740"]
[BlackElo "2632"]
[Annotator "Huzman,A"]
[PlyCount "51"]
[EventDate "2005.12.19"]
[EventType "tourn"]
[EventRounds "11"]
[EventCountry "RUS"]
[EventCategory "17"]
[SourceTitle "CBM 111"]
[Source "ChessBase"]
[SourceDate "2006.04.04"]
[SourceVersion "1"]
[SourceVersionDate "2006.04.04"]
[SourceQuality "1"]

1. e4 e5 2. Nf3 Nf6 3. Nxe5 d6 4. Nf3 Nxe4 5. Nc3 Nxc3 6. dxc3 Be7 7. Bf4 Nc6
8. Qd2 Be6 9. O-O-O Qd7 10. Ng5 Bxg5 11. Bxg5 f6 12. Be3 (12. Bf4 a6 13. Bd3
Ne5 14. Be2 Qa4 15. a3 O-O-O 16. Qd4 Qxd4 17. cxd4 Ng6 18. Bg3 Bd5 19. f3 Rhe8
20. Bd3 Re7 21. h4 Rde8 22. h5 $14 {1/2-1/2 Borin,F-Bondielli,G/Arco 2003/EXT
2004 (44)}) 12... O-O-O 13. Be2 (13. Bb5 a6 14. Ba4 b5 15. Bb3 Bxb3 16. axb3
Qf5 17. c4 Kb7 18. Qd5 Qxd5 19. cxd5 Ne5 $14 {/=}) 13... Rhe8 14. h3 Kb8 15. b3
Ne7 {Black's maneuvres are directed against White main threat of c3-c4-c5. As
a result, White fails to turn his pair of Bs into a real attacking force.} 16.
f3 (16. c4 $5 b6 (16... Nf5 17. Bf4 g5 18. Bh2 Qc6 19. g4 Nh4 20. f4 $36) 17.
Bf3 Nf5 18. Bf4 Nh4 $11) 16... Bd5 17. c4 Bc6 18. Rhe1 b6 $11 19. Bf1 Ng6 20.
Bd4 Qf7 21. Kb2 Rxe1 22. Qxe1 Re8 23. Qc3 Bb7 24. a4 (24. b4 $5 Ne5 (24... Nf4
25. Be3 Ne6 26. c5 $36) 25. c5 Bd5 $11) 24... a5 25. Bf2 Ne5 26. Re1 {f3-f4 is
quite risky, because it would result in weakening the strategic "e4" square.
Since there are no other possibilities to develop White's initiative, the draw
agreement looks pretty natural.} 1/2-1/2

[Event "ARG-ch 72nd"]
[Site "Pinamar"]
[Date "2002.03.20"]
[Round "13"]
[White "Felgaer, Ruben Alejandro"]
[Black "Pierrot, Juan Facundo"]
[Result "1-0"]
[WhiteElo "2509"]
[BlackElo "2430"]
[Annotator "Huzman,A"]
[PlyCount "69"]
[EventDate "2002.03.11"]
[EventType "tourn"]
[EventRounds "13"]
[EventCountry "ARG"]
[EventCategory "9"]
[SourceTitle "CBM 088"]
[Source "ChessBase"]
[SourceDate "2002.03.21"]
[SourceVersion "1"]
[SourceVersionDate "2002.03.21"]
[SourceQuality "1"]

1. e4 e5 2. Nf3 Nf6 3. Nxe5 d6 4. Nf3 Nxe4 5. d4 d5 6. Bd3 Be7 7. O-O Nc6 8. c4
Nb4 9. Be2 O-O 10. a3 Nc6 11. cxd5 Qxd5 12. Nc3 Nxc3 13. bxc3 Bf5 14. c4 (14.
Re1 Qd6 15. a4 Rfe8 16. Qb3 Bf6 17. Ba3 Qd7 18. Qxb7 Rab8 19. Qa6 Rb6 20. Qc4
Na5 21. Qa2 Be6 22. c4 Nb3 23. a5 Rbb8 24. Rad1 Qa4 $36 25. Bd3 Nxa5 26. d5 {
1/2-1/2 Sutovsky,E-Schandorff,L/Esbjerg 2001/CBM 85_01 (26)}) 14... Qd6 15. d5
Ne5 16. Nd4 Bd7 17. a4 a5 $2 {[%mdl 16384]} (17... c5 18. Nb3 f5 19. f4 Nf7 20.
Nd2 Bf6 21. Ra2 Rfe8 22. Nf3 Re7 23. Bd3 Rae8 24. Qc2 g6 25. g3 Kg7 26. a5 Bc8
27. Bd2 $16 {1-0 Bologan,V-Huzman,A/Ohrid MKD 2001/(47)}) (17... Rfe8 18. Nb5 (
18. Kh1 c5 19. Nb5 Bxb5 20. axb5 Bf6 21. Ra3 Ng6 22. f4 Bd4 23. Rh3 a6 24. bxa6
Rxa6 25. Bd3 Nf8 $11 {0-1 Gdanski,J-Schandorff,L/Germany 2001/CBM 82 ext (36)})
18... Bxb5 19. axb5 Nd7 20. Ra3 Bf6 21. Re3 Nc5 22. Bd3 Rxe3 23. Bxe3 g6 24. g3
a5 25. bxa6 Rxa6 $11 {1/2-1/2 Tischbierek,R-Jussupow,A/GER-CupT 1992/EXT 97-B 
(35)}) (17... b6 18. f4 Ng6 19. f5 Nh8 20. Ba3 Qf6 21. Bb2 Bc5 22. Kh1 Rfe8 23.
Bh5 Re4 $17 {0-1 Aura,K-Pihlajasalo,H/Hyvinkaa 1996/EXT 98 (34)}) (17... Qf6
18. Rb1 b6 19. Bb2 Qh6 20. Nb5 Bxb5 21. Bxe5 Ba6 22. Bxc7 Rac8 23. d6 Bd8 24.
c5 Bxe2 25. Qxe2 Bxc7 26. dxc7 Rxc7 {1/2-1/2 Sion Castro,M-Llanes Hurtado,M/
Cala Galdana ESP 1999 (26)}) (17... Qg6 18. Bf4 $1 Bf6 19. Ra3 $5 Qe4 20. Be3
Rfe8 21. f3 Qg6 22. Bf2 $6 (22. Nb5 $1 $14 {Gelfand} Bh3 $140 23. Rf2 Bh4 24.
g3) 22... Be7 $1 $15 {1/2-1/2 Dominguez,L-Gelfand,B/Moscow 2001/CBM 86/
[Gelfand] (64)}) (17... c6 18. Rb1 cxd5 $6 19. cxd5 Qxd5 $2 20. Nf5 Qe6 $6 21.
Nxe7+ Qxe7 22. Rxb7 $36 {1/2-1/2 Van den Doel,E-Schandorff,L/Esbjerg 2001/CBM
85/[Huzman] (48)}) 18. Ba3 Qf6 19. c5 $1 Rad8 20. Qb3 Ng6 21. Rad1 b6 (21...
Nf4 22. Bf3 $16) 22. d6 $1 cxd6 23. c6 Be6 24. Qxb6 $18 {[%csl Ra5,Rd6][%cal
Gc6c7]} Nf4 25. Bf3 Rb8 26. Qxa5 Ra8 27. Qb4 Nd5 (27... Rfb8 28. Nb5 $18) 28.
Qb3 $1 Rfb8 29. Qc2 Nb4 30. Bxb4 Rxb4 31. Nxe6 fxe6 (31... Qxe6 32. Rfe1 Qf6
33. c7 Rc8 34. Qc6 $18) 32. c7 Rc8 33. Qc6 Qf8 34. Rb1 Rf4 35. Qd7 1-0

[Event "EU-chT (Men) 15th"]
[Site "Gothenburg"]
[Date "2005.08.03"]
[Round "5.4"]
[White "Karjakin, Sergey"]
[Black "Kritz, Leonid"]
[Result "1-0"]
[WhiteElo "2645"]
[BlackElo "2544"]
[Annotator "Huzman,A"]
[PlyCount "109"]
[EventDate "2005.07.30"]
[EventType "team-swiss"]
[EventRounds "9"]
[EventCountry "SWE"]
[SourceTitle "CBM 109"]
[Source "ChessBase"]
[SourceDate "2005.11.14"]
[SourceVersion "1"]
[SourceVersionDate "2005.11.14"]
[SourceQuality "1"]
[WhiteTeam "Ukraine"]
[BlackTeam "Germany"]
[WhiteTeamCountry "UKR"]
[BlackTeamCountry "GER"]

1. e4 e5 2. Nf3 Nf6 3. Nxe5 d6 4. Nf3 Nxe4 5. Nc3 Nxc3 6. dxc3 Be7 7. Be3 Nc6
8. Qd2 Be6 9. O-O-O Qd7 10. Bb5 (10. Kb1 a6 (10... O-O-O 11. Nd4 Rhf8 12. Bb5
Bd5 13. f3 a6 14. c4 Bxf3 15. Nxf3 axb5 16. cxb5 Nb8 17. Qd3 $16 {1-0 Ushakova,
I-Jousopkanova,S/St Lorenzo 1995/Juniors (46)}) 11. h3 h6 12. g4 O-O-O 13. Bg2
f5 14. g5 Ne5 15. b3 Nxf3 16. Bxf3 f4 17. Bxf4 hxg5 18. Bxg5 Bxg5 19. Qxg5 Rxh3
$11 {1-0 Bologan,V-Charbonneau,P/Edmonton CAN 2005/(44)}) (10. Nd4 Nxd4 11.
Bxd4 Qa4 12. a3 Bf5 13. Re1 Kd7 14. Rxe7+ Kxe7 15. Bxg7 $18 {1/2-1/2 Sciortino,
M-Bondielli,G/Porto San Giorgio 2001/EXT 2002 (53)}) (10. Ng5 Bxg5 11. Bxg5 f6
12. Be3 O-O-O 13. b3 Rhe8 14. h3 Bf5 15. Kb2 Kb8 16. Be2 Be4 17. Rhg1 Re7 18.
g4 Rde8 $11 {1/2-1/2 Smirnov,P-Carlsen,M/Warsaw POL 2005/(27)}) (10. h4 h6 11.
Kb1 O-O-O 12. Nd4 Nxd4 13. Bxd4 Rhg8 14. h5 c5 15. Be3 Qc6 16. f3 Rge8 17. Bd3
d5 18. Qf2 Qc7 19. g4 Kb8 20. Rhg1 $36 {1-0 Adams,M-Nielsen,P/Dortmund GER
2005/(27)}) (10. h3 a6 11. Ng5 Bxg5 12. Bxg5 f6 13. Be3 O-O-O 14. b3 h5 15. g3
Rhe8 16. Bg2 Bf5 17. c4 Be4 18. f3 Bg6 19. Rhe1 Re7 20. Bf2 Rxe1 21. Rxe1 Re8
22. g4 Rxe1+ 23. Qxe1 Kd8 $14 {1-0 Charbonneau,P-Roussel Roozmon,T/Montreal
2005/(45)}) 10... a6 11. Ba4 O-O 12. Rhe1 b5 13. Bb3 Bxb3 14. axb3 a5 {Black
has good chances to develop his initiative on the queen's side.} (14... Qf5 $5)
15. Qd5 b4 (15... a4 16. b4 (16. Qxb5 axb3 17. cxb3 Rfb8 18. Qd5 Ra5 19. Qc4 d5
$44) 16... Bf6 17. Bg5 Bxg5+ 18. Nxg5 a3 19. b3 $13) 16. Qb5 $1 {White
neutralizes the initiative of Black on the queen side by a paradoxical
manoeuvre of the queen.} Rfd8 (16... Rfb8 17. Qa4 Ra6 18. Nd4 $11) 17. Qa4 Bf6
(17... bxc3 18. bxc3 Bf6 19. Kb2 $11) 18. Bg5 Bxg5+ 19. Nxg5 Rab8 20. Nf3 h6 (
20... bxc3 21. bxc3 d5 22. c4 d4 23. c3 Qd6 24. Nxd4 Qf4+ 25. Re3 Nxd4 26. Rxd4
Rxd4 27. cxd4 h6 $11) 21. c4 Kf8 22. Rd5 Ra8 23. h3 {[%cal Gc4c5]} Ne7 {
Black sacrifice a pawn. The dangerous position of the White queen will
compensate for the material deficit.} 24. Rxa5 Rxa5 25. Qxa5 c5 26. Rd1 Nc6 27.
Qb6 Ke7 (27... Ra8 $5 {[%csl Rb6]}) 28. Kd2 Rb8 ({Black missed his chance.
After} 28... Ra8 29. Ke2 Qc8 $17 {[%csl Rb6] the Qb6 is traped.}) 29. Qa6 Rb7
30. Qa8 Rb8 31. Qa1 Qf5 32. Re1+ Kd7 33. Re3 $16 Qg6 34. g3 Kc7 35. h4 Qf5 36.
Qd1 Ra8 37. Ke1 Ra2 38. Qb1 Ra8 39. Kf1 g5 40. Kg2 Kd7 (40... g4 41. Ne1 d5 42.
Nd3 $16) 41. Qd1 Ra2 42. Rd3 g4 $2 43. Rxd6+ Kc7 44. Ng1 Qe4+ 45. Kh2 Qf5 46.
Qd2 Rxb2 47. Rxh6 Nd4 $2 (47... f6 $1 48. Qe2 Kd7 49. Kg2 Nd4 (49... Rxc2 50.
Rxf6 $18) 50. Qe3 Rxc2 51. Rh8 Qe5 52. Qxe5 fxe5 53. h5 Nf5 54. h6 Ne3+ 55. Kh1
Nd1 56. Ne2 $1 Rxe2 57. h7 Nxf2+ 58. Kg1 $18) 48. Qe3 Ne6 49. Ne2 Qxc2 (49...
Kd7 50. Nf4 Nxf4 51. gxf4 g3+ 52. Kxg3 Rxc2 53. Rh5 $1 Qxh5 54. Qd3+ $18) 50.
Qe5+ Kb7 51. Qd5+ Kc7 52. Rf6 Nd8 53. Rd6 Qxe2 54. Rd7+ Kb6 55. Qd6+ 1-0

[Event "WchT 6th"]
[Site "Beersheba"]
[Date "2005.11.08"]
[Round "7.2"]
[White "Volokitin, Andrei"]
[Black "Dominguez Perez, Leinier"]
[Result "1/2-1/2"]
[WhiteElo "2666"]
[BlackElo "2635"]
[Annotator "Huzman,A"]
[PlyCount "44"]
[EventDate "2005.11.01"]
[EventType "team-tourn"]
[EventRounds "9"]
[EventCountry "ISR"]
[SourceTitle "CBM 110"]
[Source "ChessBase"]
[SourceDate "2006.01.31"]
[SourceVersion "1"]
[SourceVersionDate "2006.01.31"]
[SourceQuality "1"]
[WhiteTeam "Ukraine"]
[BlackTeam "Cuba"]
[WhiteTeamCountry "UKR"]
[BlackTeamCountry "CUB"]

1. e4 e5 2. Nf3 Nf6 3. Nxe5 d6 4. Nf3 Nxe4 5. d4 d5 6. Bd3 Nc6 7. O-O Be7 8. c4
Nb4 9. cxd5 Nxd3 10. Qxd3 Qxd5 11. Re1 Bf5 12. Ne5 g6 13. Nc3 (13. Qf3 Qxd4 (
13... O-O-O 14. g4 Bh4 15. Nc3 Nxc3 16. bxc3 Be6 17. g5 Rhe8 18. c4 Qa5 (18...
Qxd4 19. Rb1 Bd5 20. cxd5 Rxe5 21. Rxe5 Qxe5 22. d6 Rxd6 23. Bf4 Qd5 24. Qg4+
$16 {1-0 Zelcic,R-Saric,A/Sibenik CRO 2005/(58)}) 19. Be3 Bf5 20. Reb1 Qa6 21.
Nxf7 Re4 22. h3 Rde8 23. Rb5 Qe6 24. Ne5 b6 25. a4 c6 26. Rb2 c5 27. a5 $36 {
0-1 Rogulj,B-Saric,A/Omis CRO 2005/(39)}) (13... h5 14. Bf4 O-O-O 15. Nc3 Nxc3
16. Qxc3 Bd6 17. Bg5 Rde8 18. Bf6 Rhg8 19. Nc4 Bf4 20. Be5 Bxe5 21. dxe5 Kb8
22. Rac1 Rc8 23. Qb4 Rgd8 24. h3 Qd4 $11 {1-0 Grosar,A-Puljek Salai,Z/
Ljubljana 1992/TD (45)}) 14. Nc3 Qxe5 15. Bf4 (15. Nxe4 O-O-O (15... O-O 16.
Bh6 Rfe8 17. Ng3 Qxb2 18. Nxf5 gxf5 19. Qg3+ Kh8 20. Qxc7 $44 {1-0 Grosar,
A-Sifrer,D/Yugoslavia 1988 (43)}) 16. Bf4 Qa5 17. Rac1 Rd7 18. a3 Kb8 19. b4
Qb6 20. Nc5 Bxc5 21. Rxc5 h5 22. Rec1 Rc8 23. Qc3 a6 24. a4 $40 {1-0 Comp
Mchess Pro-Comp Hiarcs 2/(03) 1993 (90)}) 15... Qa5 (15... Qf6 16. Nd5 Qxb2 17.
Nxc7+ Kd7 18. Rad1+ Bd6 19. Rxe4 Bxe4 20. Qxe4 Rad8 21. Nb5 Qxb5 22. Rxd6+ Kc8
23. Qc2+ {1-0 Hamalainen,S-Pihlajasalo,H/Helsinki 2000/EXT 2001 (23)}) 16. b4 (
16. Rxe4 $5 {N} Bxe4 17. Qxe4 Qb4 (17... Qf5 $1 18. Qd4 O-O 19. Nd5 Rfe8 20.
Bh6 f6 21. g4 $1 Bc5 $1 22. gxf5 Bxd4 23. Nxc7 Rac8 $11) 18. Qe5 f6 19. Qxc7
Rd8 20. Re1 $44 {1-0 Moreno Ramon,A-Espinoza,R/La Habana 1994/Inf 62/[Moreno
Ramon,A] (38)}) 16... Qa3 17. Nd5 Qxf3 18. gxf3 Bd8 19. fxe4 Be6 20. Nxc7+ Bxc7
21. Bxc7 f6 22. a3 Rc8 23. Rac1 Kf7 {1/2-1/2 Beliavsky,A-Smyslov,V/Reggio
Emilia 1986/CBM 04 (23)}) (13. Qe3 O-O-O 14. Nc3 (14. Nf3 Rhe8 15. Nc3 Nxc3 16.
Qxc3 Bf6 $15 {1/2-1/2 Jacobs-Frobe/DDR-CupT8 corr 1988/CR97-88 (28)}) (14. g4
Bh4 15. Nc3 Nxc3 16. bxc3 Be6 17. g5 h6 $15 {1/2-1/2 Bogatyriova,L-Alyabusheva,
G/Sevastopol 2000/EXT 2001 (52)}) 14... Nxc3 15. Qxc3 Rhe8 16. Be3 Kb8 $15 {
1/2-1/2 Sarink,H-Goth,J/olm11 corr8794 1987/CR97-87 (28)}) (13. f3 Nf6 14. Qe3
O-O-O 15. Nc3 Qxd4 16. Qxd4 Rxd4 17. Be3 Rb4 18. b3 Be6 $11 {1/2-1/2 Anand,
V-Kramnik,V/Linares sp 00/4 2000/[Poldauf] (25)}) (13. g4 Nxf2 14. Qe3 (14. Qg3
Ne4 15. Rxe4 Bxe4 16. Nc3 Qxd4+ 17. Be3 Qb4 18. Qf4 f5 {0-1 Wengler,J-Kuehnel,
G/corr 1991 (18)}) 14... Qh1+ 15. Kxf2 Bh4+ 16. Ke2 Qg2+ {0-1 Thao,
L-Pourkashiyan,A/Teheran 2002/CBM 87 ext (16)}) 13... Nxc3 14. Qxc3 O-O-O 15.
Bf4 (15. Nc6 Qxc6 16. Rxe7 Qxc3 17. bxc3 Rhe8 $15 {0-1 Rogulj,B-Saric,A/
Sibenik 2005/CBM 108 ext (76)}) (15. Bh6 Rhe8 16. Rac1 c6 17. Nxc6 $1 (17. Be3
f6 18. Nc4 g5 19. b4 Kb8 $11 {1/2-1/2 Satheesan,M-Chauhan,R/IND-ch corr 2000/
Corr 2002 (31)}) 17... bxc6 18. Re5 Qd7 19. Qf3 Kc7 20. Ra5 Ra8 21. Ra6 $40 {
1-0 Henri,J-Kondali,J/corr 1987/corr/[Henri] (37)}) 15... Bd6 16. Bg5 (16. Rac1
f6 17. Bg3 Rhe8 18. a3 c6 19. Nf3 Bxg3 20. hxg3 Bg4 21. Rxe8 Rxe8 22. Re1 Rxe1+
23. Nxe1 Bf5 $15 {1/2-1/2 Rozentalis,L-Laursen,B/Baltic Sea tt6 corr9196 1991/
Corr 2000 (32)}) 16... Rde8 17. Nc4 (17. Bf6 Rhg8 18. Nc4 Rxe1+ 19. Rxe1 Be6
20. Nxd6+ Qxd6 21. Be5 Qc6 22. Qd2 Qd5 23. Rc1 c6 24. Rc5 Qxa2 25. h3 Qa1+ 26.
Kh2 {1-0 Goubnitsky,S-Pampa,A/ICCF-Cup5 corr 1986/Corr 2000 (26)}) 17... Bd7 $1
{Black neutralizes the initiative of White by this strong manoeuvre of the
bishop.} (17... Kb8 18. Bf6 Rhf8 19. Nxd6 Rxe1+ 20. Rxe1 cxd6 21. Qb4 Rc8 $11)
18. Bf6 (18. Nxd6+ Qxd6 19. Bh4 Bc6 $11) 18... Rxe1+ 19. Rxe1 Re8 20. Nxd6+
Qxd6 21. Be5 Qc6 $1 (21... Qb6 22. Rc1 c6 23. Qa3 $36) 22. Qd2 (22. Qa5 Qb6 $11
) 22... Qd5 1/2-1/2

[Event "EU-chT (Men) 15th"]
[Site "Gothenburg"]
[Date "2005.08.03"]
[Round "5.1"]
[White "Almasi, Zoltan"]
[Black "Nielsen, Peter Heine"]
[Result "1/2-1/2"]
[WhiteElo "2619"]
[BlackElo "2668"]
[Annotator "Huzman,A"]
[PlyCount "51"]
[EventDate "2005.07.30"]
[EventType "team-swiss"]
[EventRounds "9"]
[EventCountry "SWE"]
[SourceTitle "CBM 109"]
[Source "ChessBase"]
[SourceDate "2005.11.14"]
[SourceVersion "1"]
[SourceVersionDate "2005.11.14"]
[SourceQuality "1"]
[WhiteTeam "Hungary"]
[BlackTeam "Denmark"]
[WhiteTeamCountry "HUN"]
[BlackTeamCountry "DEN"]

1. e4 e5 2. Nf3 Nf6 3. Nxe5 d6 4. Nf3 Nxe4 5. Nc3 Nxc3 6. dxc3 Be7 7. Bf4 Nc6
8. Qd2 Bg4 9. O-O-O Qd7 (9... Bxf3 10. gxf3 Qd7 11. h4 O-O-O 12. Qd5 f5 13. Bb5
g6 14. h5 g5 15. Be3 f4 16. Bxa7 $16 {1-0 Cabanas,F-Kruger,B/CAN 1985/EXT 2002
(49)}) 10. Re1 (10. Bc4 Be6 (10... O-O 11. Bd5 Rae8 12. h3 Be6 13. c4 Bf6 14.
Bg5 Bxg5 15. Nxg5 Bxd5 16. cxd5 Ne5 17. Rhe1 h6 18. Ne4 {1/2-1/2 Volokitin,
A-Christiansen,L/Bermuda 2003/CBM 94_01 (18)}) 11. Bd3 (11. Bd5 O-O-O 12. c4
Bf6 13. Rhe1 h6 14. h3 Rhe8 15. Re3 Bxd5 16. cxd5 Ne5 17. Qb4 Nxf3 18. Rb3 c5
19. dxc6 Qxc6 20. Rxf3 Re2 $132 {1-0 Geller,J-Kazantsev,V/Samara 2001/EXT 2003
(39)}) 11... O-O-O 12. Rhe1 a6 13. Ng5 Bxg5 14. Bxg5 Rde8 15. Bf4 Bf5 16. Bc4
Na5 $1 17. Bd5 Be6 18. b3 Bxd5 19. Qxd5 Nc6 $11 {0-1 Vallejo Pons,F-Ponomariov,
R/Leon 2003/CBM 96/[Huzman] (48)}) (10. h3 Bxf3 11. gxf3 a6 12. h4 O-O 13. Bh3
f5 14. Qd5+ Kh8 15. h5 Qd8 16. h6 g6 17. Be3 Bg5 18. f4 Bxh6 19. Bf1 Bg7 20.
Qg2 Qe8 21. Qh3 h5 22. Bg2 $44 {1-0 Dembo,Y-Sendur,A/Budapest 2001/CBM 80 ext 
(40)}) 10... a6 11. Bc4 ({In my opinion only after} 11. Nd4 $5 {White has
chances to get an advantage.} O-O (11... Nxd4 12. Qxd4 O-O 13. Bd3 Bf6 (13...
Be6 14. Qe4 g6 15. h4 $36) 14. Qe4 g6 15. Bh6 (15. Qxb7 Qa4 16. Qb4 $1 Qxa2 17.
Bh6 (17. Bc4 a5 18. Qb5 Rab8 $11) 17... Be6 $1 18. Bxf8 Rxf8 19. f4 c5 $44)
15... Rfe8 16. Qxb7 $16) 12. h3 Bh5 (12... Be6 $5 13. Nxe6 fxe6 14. Bd3 $14)
13. Nxc6 bxc6 14. g4 Bg6 15. h4 $36) 11... Be6 $1 12. Bd5 (12. Bxe6 fxe6 13.
Bg5 O-O 14. h4 Rae8 $11) 12... Bxd5 13. Qxd5 O-O-O $11 {Black has no
weaknesses and neutralizes the initiative of White easily.} 14. Re4 (14. Qxf7
$4 Rhf8 15. Qc4 d5 $19) 14... Bf6 15. Bg5 $1 Bxg5+ 16. Nxg5 Rdf8 17. Rhe1 h6
18. Nf3 Re8 19. h3 Rxe4 20. Qxe4 Kd8 $1 21. Nd4 Nxd4 22. cxd4 (22. Qxd4 Re8 23.
Rd1 Re2 $11) 22... Re8 23. Qxe8+ Qxe8 24. Rxe8+ Kxe8 25. Kd2 Ke7 26. Ke3
1/2-1/2